Principles of physics / (Record no. 1356)
[ view plain ]
| 000 -LEADER | |
|---|---|
| fixed length control field | 00720nac a22002291u 4500 |
| 010 ## - | |
| -- | 97209140 |
| 020 ## - INTERNATIONAL STANDARD BOOK NUMBER | |
| International Standard Book Number | 0030204577 |
| 082 00 - DEWEY DECIMAL CLASSIFICATION NUMBER | |
| Classification number | 530 |
| Item number | S492 |
| 090 ## - LOCALLY ASSIGNED LC-TYPE CALL NUMBER (OCLC); LOCAL CALL NUMBER (OCLC) | |
| -- | 1356 |
| -- | 1356 |
| 100 ## - MAIN ENTRY--PERSONAL NAME | |
| Personal name | Serway, Raymond A. |
| 245 10 - TITLE STATEMENT | |
| Title | Principles of physics / |
| Statement of responsibility, etc | Raymond A. Serway ; with contributions by John W. Jewett, Jr. |
| 250 ## - EDITION STATEMENT | |
| Edition statement | 2nd ed. |
| 260 ## - | |
| -- | Fort Worth : |
| -- | Saunders College Pub., |
| -- | c1998. |
| 300 ## - PHYSICAL DESCRIPTION | |
| Extent | xxxii, 954 p. : |
| Other physical details | ill. (some col.) ; |
| Dimensions | 27 cm. |
| 336 ## - CONTENT TYPE | |
| Source | rdacontent |
| Content type term | text |
| Content type code | txt |
| 337 ## - MEDIA TYPE | |
| Media type term | unmediated |
| Source | rdamedia |
| Media type code | n |
| 338 ## - CARRIER TYPE | |
| Carrier type term | volume |
| Carrier type code | nc |
| Source | rdacarrier |
| 490 0# - SERIES STATEMENT | |
| Series statement | Saunders golden sunburst series |
| 500 ## - GENERAL NOTE | |
| General note | Includes index. |
| 650 #0 - SUBJECT ADDED ENTRY--TOPICAL TERM | |
| Topical term or geographic name as entry element | Physics. |
| 942 ## - ADDED ENTRY ELEMENTS (KOHA) | |
| Koha item type | Book - Borrowing |
| Call number prefix | 530S492 |
| Classification part | RDA-MOD |
| Withdrawn status | Lost status | Source of classification or shelving scheme | Damaged status | Not for loan | Collection code | Home library | Current library | Shelving location | Date acquired | Source of acquisition | Cost, normal purchase price | Total Checkouts | Total Renewals | Full call number | Barcode | Date last seen | Date checked out | Cost, replacement price | Price effective from | Koha item type |
|---|---|---|---|---|---|---|---|---|---|---|---|---|---|---|---|---|---|---|---|---|
| Dewey Decimal Classification | Central Library | Central Library | First floor | 04/09/2006 | 204.00 | 5 | 1 | 530 SER | 000003105 | 15/07/2025 | 19/03/2016 | 255.00 | 04/09/2006 | Book - Borrowing |